00311nam a2200133 a 4500008004100000020001500041050001700056100001800073245002000091260002600111300001000137350000900147650002100156120416s1979 ||||||||||||||||| || u a0002221349 aPR 9110.A3C6 aFagyas, Maria10aCourt of honour aLondonbCollinsc1979 a377p. a0.00 aENGLISH LANGUAGE